001980000a2200061000450024500460000030000440004677300460009010aWhither evangelical theology in Scotland? aVol. 16, Num. 2 (1998), Páginas 93-960 tScottish Bulletin of Evangelical Theology